000 00327nam a2200133Ia 4500
008 231129s1997||||xx |||||||||||||| ||spa||
020 _a958-07-1090-2
040 _bspa
082 _aCh863.08 C574
245 0 _a5 cuentos chilenos
260 _c1997
264 _aEdilux
942 _2ddc
_cBKS
999 _c4249
_d4249